000 00279nam a22001217a 4500
008 180906b xxu||||| |||| 00| 0 eng d
041 _aeng
080 _a616.12
100 _a9
101 _aKAR
245 _aWorkshop In Electrocardiography
_cMarriott.H.J.L
942 _2udc
_cBK
999 _c47586
_d47586